| 000 | 00549nam a2200145Ia 4500 | ||
|---|---|---|---|
| 008 | 151213s9999 xx 000 0 und d | ||
| 100 | _aআবুুল কাশেম চেীধুরী। | ||
| 245 |
_aমূল্যবোধের অবক্ষয়। _cআবুুল কাশেম চেীধুরী। |
||
| 250 | _a১ম সং | ||
| 260 |
_aঢাকা _bমুক্ত বীরণ। _c1986 |
||
| 300 | _a4447 p. | ||
| 650 | _aBangla | ||
| 700 | _aআবুুল কাশেম চেীধুরী। | ||
| 999 |
_c2822 _d2822 |
||